[Event "VI Festival A"]
[Site "Campobasso ITA"]
[Date "1999.09.11"]
[Round "4"]
[White "Grasso, Nino"]
[Black "Lupo, Alfredo"]
[Result "1-0"]
[WhiteElo "1777"]
[BlackElo "2135"]
[PlyCount "108"]
[EventDate "1999.09.10"]

1. e4 e5 2. Nf3 Nc6 3. Bc4 Bc5 4. c3 Nf6 5. d4 exd4 6. cxd4 Bb4+ 7. Nc3 d5 8.
exd5 Nxd5 9. O-O Bxc3 10. bxc3 O-O 11. Ba3 Re8 12. Ne5 Nxe5 13. dxe5 Be6 14.
Qf3 c6 15. Rad1 Qg5 16. Rfe1 Nf4 17. Bxe6 Rxe6 18. Bc1 Qe7 19. Bxf4 f6 20. Qg4
Re8 21. Re3 fxe5 22. Bg5 Qa3 23. Qc4 h6 24. Bh4 Kh8 25. Red3 e4 26. Rd7 e3 27.
Qd4 Qf8 28. fxe3 Re4 29. Qxe4 Rxe4 30. Rd8 Qxd8 31. Rxd8+ Kh7 32. Bf2 Rc4 33.
Be1 Ra4 34. Rd2 Ra3 35. Rb2 Kg6 36. Kf2 b5 37. Kf3 Kf5 38. e4+ Ke5 39. Bd2 a5
40. Rc2 g5 41. h4 gxh4 42. Bf4+ Kf6 43. Bxh6 Ra4 44. Be3 Rc4 45. Bd4+ Kg5 46.
Bb6 a4 47. Bd8+ Kh5 48. e5 Kg6 49. e6 b4 50. e7 Kf7 51. Rf2 Ke8 52. cxb4 Rd4
53. Ke2 Rxd8 54. exd8=Q+ Kxd8 1-0

[Event "VI Festival A"]
[Site "Campobasso ITA"]
[Date "1999.09.11"]
[Round "4"]
[White "Isonzo, David"]
[Black "Megli, Massimo"]
[Result "1-0"]
[WhiteElo "2257"]
[BlackElo "1740"]
[PlyCount "61"]
[EventDate "1999.09.10"]

1. e4 c5 2. Nf3 e6 3. d4 cxd4 4. Nxd4 Nf6 5. Nc3 d6 6. Bc4 Be7 7. O-O O-O 8.
Bb3 Nbd7 9. f4 Nc5 10. Qe2 b6 11. Rd1 Ba6 12. Qe1 Qc7 13. e5 dxe5 14. fxe5 Ng4
15. Bf4 Bf6 16. Ncb5 Qb8 17. Nd6 Be7 18. Nc6 Qc7 19. Nxe7+ Qxe7 20. Qg3 h5 21.
h3 g5 22. Bd2 Be2 23. hxg4 Bxd1 24. gxh5 f6 25. Rxd1 Nxb3 26. axb3 Qh7 27. exf6
Qxh5 28. Qxg5+ Qxg5 29. Bxg5 Kh7 30. f7 Kg6 31. Be7 1-0

[Event "VI Festival A"]
[Site "Campobasso ITA"]
[Date "1999.09.11"]
[Round "4"]
[White "Mautone, Valerio"]
[Black "Orlando, Luigi"]
[Result "1/2-1/2"]
[WhiteElo "1900"]
[BlackElo "1722"]
[PlyCount "48"]
[EventDate "1999.09.10"]

1. e4 d6 2. d4 Nf6 3. Nc3 g6 4. Be3 Bg7 5. f3 O-O 6. Qd2 e5 7. O-O-O exd4 8.
Bxd4 Nc6 9. Be3 Be6 10. h4 Nb4 11. a3 a5 12. Bh6 Na2+ 13. Nxa2 Bxh6 14. Qxh6
Bxa2 15. h5 Qe7 16. Nh3 Nxh5 17. Nf4 f5 18. Nxg6 hxg6 19. Qxg6+ Qg7 20. Qxh5
fxe4 21. b3 Bxb3 22. cxb3 Qc3+ 23. Kb1 Qxb3+ 24. Kc1 Qc3+ 1/2-1/2

[Event "VI Festival A"]
[Site "Campobasso ITA"]
[Date "1999.09.11"]
[Round "4"]
[White "Mrdja, Milan"]
[Black "Dragojlovic, Andjelko"]
[Result "1/2-1/2"]
[WhiteElo "2425"]
[BlackElo "2350"]
[PlyCount "70"]
[EventDate "1999.09.10"]

1. e4 c5 2. Nf3 g6 3. d4 cxd4 4. Nxd4 Bg7 5. c4 Nc6 6. Be3 Nf6 7. Nc3 O-O 8.
Be2 d6 9. Rc1 Bd7 10. O-O Nxd4 11. Bxd4 Bc6 12. f3 a5 13. Qd2 Nd7 14. Be3 Nc5
15. Rc2 a4 16. Kh1 Qa5 17. Nd5 Bxd5 18. Qxd5 Rac8 19. Rb1 Qc7 20. Qd2 b6 21.
Rcc1 Qa7 22. h4 Qa8 23. Qd1 Bf6 24. g3 Qa7 25. Kg2 Qb7 26. Qd2 h5 27. Kh2 Qc7
28. Rg1 Kg7 29. Rbf1 Rh8 30. Bd1 Ra8 31. Kg2 Qc8 32. Bc2 Qe6 33. Rf2 Qc8 34.
Re1 Qb7 35. Kh2 Qc7 1/2-1/2

[Event "VI Festival A"]
[Site "Campobasso ITA"]
[Date "1999.09.11"]
[Round "4"]
[White "Ortega, Lexy"]
[Black "Martorelli, Antonio"]
[Result "1-0"]
[WhiteElo "2499"]
[BlackElo "2322"]
[PlyCount "63"]
[EventDate "1999.09.10"]

1. d4 Nf6 2. Nf3 g6 3. c4 Bg7 4. g3 O-O 5. Bg2 Nc6 6. Nc3 a6 7. b3 Rb8 8. Nd5
Nh5 9. Bb2 e6 10. Nc3 b5 11. d5 Na5 12. cxb5 axb5 13. O-O d6 14. dxe6 Bxe6 15.
Qd2 Nf6 16. Ng5 Bd7 17. Nce4 b4 18. Rac1 Nxe4 19. Nxe4 Bxb2 20. Qxb2 f5 21. Ng5
Qxg5 22. Bd5+ Rf7 23. Rxc7 Qd8 24. Rfc1 Rb5 25. Qd4 Qe7 26. Rc8+ Be8 27. R1c7
Rxd5 28. Qxd5 Qf8 29. Rxf7 Qxf7 30. Rxe8+ Kg7 31. Qd4+ Kh6 32. Qh4+ 1-0

[Event "VI Festival A"]
[Site "Campobasso ITA"]
[Date "1999.09.11"]
[Round "4"]
[White "Petruccioli, Antonio"]
[Black "Capezza, Marco"]
[Result "1/2-1/2"]
[WhiteElo "2160"]
[BlackElo "1705"]
[PlyCount "107"]
[EventDate "1999.09.10"]

1. e4 c5 2. Nf3 e6 3. d4 cxd4 4. Nxd4 a6 5. Bd3 Nc6 6. Nxc6 bxc6 7. O-O Bc5 8.
c4 Ne7 9. Nc3 d6 10. Kh1 e5 11. f4 O-O 12. Rb1 a5 13. Qf3 exf4 14. Bxf4 Ng6 15.
Bg3 Ne5 16. Bxe5 dxe5 17. Na4 Bd4 18. c5 Be6 19. b3 Qe7 20. Rbc1 Rab8 21. Bc4
Bxc4 22. Rxc4 Rb4 23. Qe2 Qg5 24. Rxb4 axb4 25. Qe1 Qe3 26. Qxe3 Bxe3 27. Re1
Bd4 28. g4 g6 29. Rf1 Kg7 30. Kg2 Rh8 31. h4 h5 32. g5 Re8 33. Rc1 Ra8 34. Kf3
f5 35. gxf6+ Kxf6 36. Rc4 Bc3 37. Nxc3 bxc3 38. Rxc3 Rxa2 39. b4 Rb2 40. Rd3
Rxb4 41. Rd6+ Kf7 42. Rxc6 Rb3+ 43. Ke2 Rc3 44. Kd2 Rc4 45. Kd3 Rd4+ 46. Ke3
Rc4 47. Rc7+ Ke6 48. c6 Rc3+ 49. Kd2 Rc5 50. Kd3 Rc1 51. Rc8 Kd6 52. c7 Rxc7
53. Rg8 Kc5 54. Rxg6 1/2-1/2

[Event "VI Festival A"]
[Site "Campobasso ITA"]
[Date "1999.09.11"]
[Round "4"]
[White "Rotelli, Pietro"]
[Black "Rossetti, Giovanni"]
[Result "1-0"]
[WhiteElo "1731"]
[BlackElo "1917"]
[PlyCount "59"]
[EventDate "1999.09.10"]

1. d4 d5 2. Nf3 Nf6 3. c4 e6 4. Nc3 c6 5. e3 Be7 6. a3 a5 7. Bd3 O-O 8. O-O
Nbd7 9. Re1 Re8 10. b3 Bd6 11. e4 dxe4 12. Nxe4 Nxe4 13. Bxe4 Nf8 14. Bb2 Ng6
15. g3 Be7 16. Bxg6 hxg6 17. Ne5 Bf6 18. Qf3 Qc7 19. Ng4 Be7 20. Rad1 Bf8 21.
d5 Rd8 22. Nh6+ Kh7 23. Nxf7 exd5 24. Nxd8 Qxd8 25. cxd5 Bf5 26. dxc6 Qb6 27.
cxb7 Rb8 28. g4 Bc2 29. Rc1 Bxb3 30. Rc8 1-0

[Event "VI Festival A"]
[Site "Campobasso ITA"]
[Date "1999.09.11"]
[Round "4"]
[White "Scipioni, Gaetano"]
[Black "Franceschi, Riccardo"]
[Result "1/2-1/2"]
[WhiteElo "1764"]
[BlackElo "1884"]
[PlyCount "84"]
[EventDate "1999.09.10"]

1. d4 Nf6 2. Nf3 e6 3. Bg5 Be7 4. Nbd2 d5 5. e3 Nbd7 6. Bd3 h6 7. Bh4 c5 8. c3
Qc7 9. Bg3 Bd6 10. Bxd6 Qxd6 11. O-O O-O 12. e4 dxe4 13. Nxe4 Nxe4 14. Bxe4 Nf6
15. Bc2 b6 16. dxc5 Qxc5 17. Qd4 Qc6 18. Ne5 Qc7 19. Rad1 Ba6 20. Rfe1 Rad8 21.
Qa4 Bb7 22. Ng4 Nxg4 23. Qxg4 Rxd1 24. Rxd1 Rd8 25. Qe2 Rd6 26. Rxd6 Qxd6 27.
Qd3 Qd5 28. Qxd5 Bxd5 29. b3 e5 30. f3 Kf8 31. Kf2 Ke7 32. Ke3 Kd6 33. g3 Be6
34. Bd3 a5 35. Bb5 Kc5 36. Bd3 f6 37. f4 Kd6 38. Bb5 exf4+ 39. Kxf4 Kc5 40. Bd3
g5+ 41. Ke4 Bg4 42. Bc4 Bd7 1/2-1/2

[Event "VI Festival A"]
[Site "Campobasso ITA"]
[Date "1999.09.11"]
[Round "4"]
[White "Zimina, Olga"]
[Black "Lagumina, Giulio"]
[Result "1/2-1/2"]
[WhiteElo "2161"]
[BlackElo "2281"]
[PlyCount "62"]
[EventDate "1999.09.10"]

1. e4 e5 2. Nf3 d6 3. d4 exd4 4. Nxd4 g6 5. Be3 Bg7 6. Nc3 Nf6 7. Be2 O-O 8.
O-O Re8 9. Qd3 Na6 10. f3 d5 11. exd5 Nxd5 12. Nxd5 Qxd5 13. c3 Qe5 14. Bf2 c5
15. Rfe1 cxd4 16. Bf1 Bf5 17. Rxe5 Bxd3 18. Rxe8+ Rxe8 19. Bxd3 dxc3 20. bxc3
Bxc3 21. Rc1 Bd2 22. Rb1 Be3 23. Rxb7 Nc5 24. Bb5 Bxf2+ 25. Kxf2 Nxb7 26. Bxe8
Kf8 27. Bc6 Nc5 28. Ke3 Ke7 29. Bd5 f6 30. Kd4 Kd6 31. g3 g5 1/2-1/2

[Event "VI Festival A"]
[Site "Campobasso ITA"]
[Date "1999.09.12"]
[Round "5"]
[White "Capezza, Marco"]
[Black "Capuano, Eugenio"]
[Result "0-1"]
[WhiteElo "1705"]
[BlackElo "2153"]
[PlyCount "36"]
[EventDate "1999.09.10"]

1. d4 f5 2. Bg5 g6 3. e3 Bg7 4. Nf3 Nf6 5. Nbd2 d6 6. Bc4 h6 7. Bh4 Nc6 8. a4
e5 9. dxe5 dxe5 10. Bg3 Nh5 11. O-O Qf6 12. e4 f4 13. Bh4 g5 14. Nxe5 Nxe5 15.
Qxh5+ Qg6 16. Qxg6+ Nxg6 17. Bxg5 hxg5 18. c3 Ne5 0-1

[Event "VI Festival A"]
[Site "Campobasso ITA"]
[Date "1999.09.12"]
[Round "5"]
[White "Castrogiovanni, Carlo"]
[Black "Isonzo, David"]
[Result "0-1"]
[WhiteElo "2113"]
[BlackElo "2257"]
[PlyCount "88"]
[EventDate "1999.09.10"]

1. Nf3 Nf6 2. c4 e6 3. Nc3 c5 4. g3 Nc6 5. Bg2 d5 6. cxd5 exd5 7. d4 Be7 8. O-O
O-O 9. Bg5 cxd4 10. Nxd4 h6 11. Bxf6 Bxf6 12. e3 Nxd4 13. exd4 Be6 14. Qa4 Qd6
15. Rfd1 Rfc8 16. Qb3 Rc4 17. Qxb7 Rb8 18. Qxa7 Rxb2 19. Rac1 Rbb4 20. Qa8+ Rb8
21. Qa7 Rbb4 22. Qa3 Be7 23. Bf1 Rc8 24. h3 Qd8 25. Qa6 Ra8 26. Qe2 Bf6 27. Bg2
Bxd4 28. Rd2 Rc8 29. Qd3 Qf6 30. Rdc2 Rxc3 31. Rxc3 Qxf2+ 32. Kh1 Bxc3 33. Rxc3
Rb2 34. Qf1 Qxf1+ 35. Bxf1 Rxa2 36. Bg2 Rd2 37. Kg1 g6 38. Kf1 Kg7 39. Bf3
Bxh3+ 40. Ke1 Rd4 41. Kf2 Be6 42. Ke3 Ra4 43. Rd3 Ra5 44. Kd4 Kf6 0-1

[Event "VI Festival A"]
[Site "Campobasso ITA"]
[Date "1999.09.12"]
[Round "5"]
[White "Colesanti, Ugo Maria"]
[Black "Ferri, Stefano"]
[Result "0-1"]
[WhiteElo "1759"]
[BlackElo "2091"]
[PlyCount "78"]
[EventDate "1999.09.10"]

1. e4 c5 2. Nc3 Nc6 3. g3 g6 4. Bg2 Bg7 5. d3 e6 6. Be3 d6 7. Qd2 Nge7 8. Nge2
a6 9. O-O Qc7 10. Bh6 O-O 11. Bxg7 Kxg7 12. f4 b5 13. g4 b4 14. Nd1 Bd7 15. f5
f6 16. Nf4 e5 17. Ne2 Rad8 18. Ng3 Be8 19. Ne3 g5 20. Nh5+ Bxh5 21. gxh5 h6 22.
c4 bxc3 23. bxc3 Rb8 24. h4 Rb7 25. Ng4 Ng8 26. Bf3 Rfb8 27. Bd1 Qf7 28. hxg5
hxg5 29. h6+ Nxh6 30. Nxh6 Kxh6 31. Qh2+ Kg7 32. Bb3 Qe8 33. Rf3 c4 34. Rh3 Qg8
35. Bxc4 Rb1+ 36. Rxb1 Rxb1+ 37. Kg2 Rb2+ 38. Kg3 Rxh2 39. Bxg8 Rxh3+ 0-1

[Event "VI Festival A"]
[Site "Campobasso ITA"]
[Date "1999.09.12"]
[Round "5"]
[White "De Vita, Gianni"]
[Black "Brancaccio, Alfonso"]
[Result "1-0"]
[WhiteElo "2106"]
[BlackElo "1831"]
[PlyCount "23"]
[EventDate "1999.09.10"]

1. e4 c5 2. c3 d5 3. exd5 Qxd5 4. d4 e6 5. Nf3 Nf6 6. Bd3 cxd4 7. cxd4 Be7 8.
O-O O-O 9. Re1 Nc6 10. Nc3 Qd8 11. Bg5 Nxd4 12. Nxd4 1-0

[Event "VI Festival A"]
[Site "Campobasso ITA"]
[Date "1999.09.12"]
[Round "5"]
[White "De Vita, Igor"]
[Black "Ferraro, Francesco"]
[Result "1-0"]
[WhiteElo "2154"]
[BlackElo "2045"]
[PlyCount "111"]
[EventDate "1999.09.10"]

1. d4 d5 2. Nf3 Nf6 3. e3 Bf5 4. Be2 e6 5. O-O Bd6 6. c4 c6 7. Qb3 Qc8 8. Nc3
Nbd7 9. Bd2 O-O 10. Rfc1 Qb8 11. h3 h6 12. Qd1 Re8 13. a3 dxc4 14. Bxc4 a5 15.
Ba2 Ne4 16. Be1 Ndf6 17. Qe2 Re7 18. Na4 Qd8 19. Rd1 Qe8 20. Nb6 Ra6 21. Nc4
Bc7 22. Rac1 Nd6 23. Nfe5 Nxc4 24. Nxc4 Rd7 25. Nd2 e5 26. Nf3 exd4 27. Rxd4
Rxd4 28. Nxd4 Bg6 29. Nf3 Ra8 30. Rd1 Rd8 31. Bc3 Ne4 32. Rxd8 Qxd8 33. Be5
Bxe5 34. Nxe5 Qf6 35. Nxg6 Qxg6 36. Qd3 Qf5 37. f3 Ng3 38. Qxf5 Nxf5 39. Kf2
Kf8 40. Bb1 Nd6 41. Bd3 Ke7 42. e4 f6 43. Ke3 Nc8 44. Kd4 Kd6 45. f4 c5+ 46.
Ke3 Nb6 47. Bb5 Na8 48. a4 Nc7 49. Bc4 Na8 50. Kf3 Nc7 51. Kg4 Ne8 52. Kh5 b6
53. h4 Kd7 54. g4 Ke7 55. g5 hxg5 56. fxg5 1-0

[Event "VI Festival A"]
[Site "Campobasso ITA"]
[Date "1999.09.12"]
[Round "5"]
[White "Dragojlovic, Andjelko"]
[Black "Ljubisavljevic, Zivojin Z."]
[Result "1-0"]
[WhiteElo "2350"]
[BlackElo "2274"]
[PlyCount "73"]
[EventDate "1999.09.10"]

1. e4 e6 2. d4 d5 3. Nc3 Bb4 4. e5 c5 5. a3 Bxc3+ 6. bxc3 Ne7 7. h4 b6 8. Qg4
Nf5 9. Bd3 h5 10. Qg5 Qxg5 11. Bxg5 cxd4 12. Bxf5 exf5 13. cxd4 Nc6 14. c3 Be6
15. Ne2 a6 16. c4 Ne7 17. Bxe7 Kxe7 18. cxd5 Bxd5 19. Nf4 Rhd8 20. Kd2 Bb7 21.
Ke3 Rac8 22. Rhc1 g6 23. g3 Bd5 24. Rab1 Bc4 25. Rc2 a5 26. Rbc1 a4 27. Nd3 Kd7
28. Nc5+ bxc5 29. Rxc4 cxd4+ 30. Rxd4+ Ke8 31. Rcc4 Rxc4 32. Rxc4 Rd5 33. Kf4
Rd8 34. Rxa4 Rd5 35. Ra7 Rd4+ 36. Kg5 Rg4+ 37. Kf6 1-0

[Event "VI Festival A"]
[Site "Campobasso ITA"]
[Date "1999.09.12"]
[Round "5"]
[White "Ficco, Corrado"]
[Black "Grasso, Nino"]
[Result "1-0"]
[WhiteElo "2169"]
[BlackElo "1777"]
[PlyCount "75"]
[EventDate "1999.09.10"]

1. e4 e5 2. Nf3 Nc6 3. Bb5 a6 4. Ba4 Nf6 5. O-O Be7 6. Re1 b5 7. Bb3 O-O 8. h3
Bb7 9. d3 d6 10. c3 Na5 11. Bc2 c5 12. Nbd2 Re8 13. Nf1 Bf8 14. Ng3 g6 15. d4
exd4 16. cxd4 Bg7 17. b3 cxd4 18. Nxd4 Rc8 19. Bb2 Nd7 20. Qd2 Qb6 21. Rad1 Nc6
22. Bb1 Nxd4 23. Bxd4 Bxd4 24. Qxd4 Qxd4 25. Rxd4 d5 26. Red1 Nf6 27. exd5 Bxd5
28. Kh2 Bb7 29. Rd6 Kg7 30. a4 bxa4 31. bxa4 Rc4 32. R1d4 Rxd4 33. Rxd4 Re1 34.
Rb4 Bd5 35. Bd3 Re6 36. a5 h5 37. Ne2 g5 38. Nd4 1-0

[Event "VI Festival A"]
[Site "Campobasso ITA"]
[Date "1999.09.12"]
[Round "5"]
[White "Franceschi, Riccardo"]
[Black "Megli, Massimo"]
[Result "0-1"]
[WhiteElo "1884"]
[BlackElo "1740"]
[PlyCount "56"]
[EventDate "1999.09.10"]

1. e4 c5 2. c3 d5 3. exd5 Qxd5 4. d4 cxd4 5. cxd4 Nc6 6. Nf3 e6 7. Nc3 Bb4 8.
Be2 Nge7 9. O-O Qd8 10. Be3 O-O 11. Bd3 Ba5 12. Bxh7+ Kxh7 13. Ng5+ Kg6 14. h4
Rh8 15. h5+ Rxh5 16. Nxf7 Rh1+ 17. Kxh1 Kxf7 18. Qf3+ Kg8 19. Rad1 Qf8 20. Qe2
Bc7 21. g4 Qf6 22. Kg2 Nd5 23. Rh1 Nf4+ 24. Bxf4 Qxf4 25. Nb5 Bb6 26. d5 Ne5
27. Rh4 Bd7 28. Nd6 Ng6 0-1

[Event "VI Festival A"]
[Site "Campobasso ITA"]
[Date "1999.09.12"]
[Round "5"]
[White "Gagliardi, Pietro"]
[Black "Ferretti, Folco"]
[Result "0-1"]
[WhiteElo "2204"]
[BlackElo "2279"]
[PlyCount "92"]
[EventDate "1999.09.10"]

1. e4 e5 2. Nf3 Nc6 3. Bb5 Nf6 4. O-O Nxe4 5. d4 Nd6 6. Bxc6 dxc6 7. dxe5 Nf5
8. Qxd8+ Kxd8 9. b3 h6 10. Bb2 Be6 11. Nbd2 Ke8 12. Rfe1 c5 13. Ne4 b6 14. c4
Rd8 15. Rad1 Ne7 16. Nc3 Rd7 17. h3 Kd8 18. Kf1 Kc8 19. Ke2 Nc6 20. Rxd7 Bxd7
21. Nd5 Be6 22. Bc3 Be7 23. Nxe7+ Nxe7 24. Rd1 a6 25. Nd2 Rd8 26. Ne4 Rxd1 27.
Kxd1 Ng6 28. Ke2 Nf4+ 29. Kf3 Nd3 30. Nd2 Kd7 31. g4 b5 32. Ke3 Nc1 33. a3 Kc6
34. Bb2 Na2 35. f4 g6 36. Ke4 b4 37. f5 Nc3+ 38. Bxc3 gxf5+ 39. Kd3 bxc3 40.
Kxc3 fxg4 41. h4 Bf5 42. Nf1 Kd7 43. b4 Ke6 44. Kd2 cxb4 45. axb4 Kxe5 46. Ke3
Be6 0-1

[Event "VI Festival A"]
[Site "Campobasso ITA"]
[Date "1999.09.12"]
[Round "5"]
[White "Goller, Savino"]
[Black "Zimina, Olga"]
[Result "0-1"]
[WhiteElo "1804"]
[BlackElo "2161"]
[PlyCount "88"]
[EventDate "1999.09.10"]

1. e4 c5 2. Nc3 Nc6 3. d3 d6 4. g3 g6 5. Bg2 Bg7 6. Nf3 e6 7. O-O Nge7 8. Ne2
O-O 9. c3 b6 10. Be3 Bb7 11. Qd2 Re8 12. Ne1 d5 13. exd5 Nxd5 14. Bh6 Bh8 15.
Nc2 Rc8 16. d4 cxd4 17. Ncxd4 Ne5 18. Rfd1 Qe7 19. Nf4 Nf6 20. Nd3 Bxg2 21.
Kxg2 Nc4 22. Qe2 Nd5 23. Nf3 Qb7 24. Nf4 Ne7 25. Bg5 Nf5 26. g4 h6 27. gxf5
hxg5 28. fxe6 g4 29. Kg1 Qxf3 30. exf7+ Kxf7 31. Rd7+ Kf6 32. Nd5+ Kg5 33. h4+
Kh6 34. Qxf3 gxf3 35. Rxa7 Re4 36. b3 Ne5 37. Nxb6 Rg4+ 38. Kh2 Rxh4+ 39. Kg3
Rg4+ 40. Kh3 Rf8 41. Re1 Rff4 42. Rxe5 Bxe5 43. c4 Bd4 44. Rb7 Bxf2 0-1

[Event "VI Festival A"]
[Site "Campobasso ITA"]
[Date "1999.09.12"]
[Round "5"]
[White "Lagumina, Giulio"]
[Black "Collutiis, Duilio"]
[Result "1-0"]
[WhiteElo "2281"]
[BlackElo "2200"]
[PlyCount "43"]
[EventDate "1999.09.10"]

1. d4 Nf6 2. c4 e6 3. Nc3 d5 4. cxd5 exd5 5. Bg5 Be7 6. e3 O-O 7. Bd3 Re8 8.
Nge2 Nbd7 9. O-O Nf8 10. b4 Ne6 11. Bxf6 Bxf6 12. b5 a6 13. bxa6 b6 14. Qa4 c5
15. Nxd5 Bd7 16. Nxf6+ gxf6 17. Qc2 cxd4 18. Nxd4 Nxd4 19. exd4 Rc8 20. Bxh7+
Kg7 21. Qd3 Bc6 22. Bf5 1-0

[Event "VI Festival A"]
[Site "Campobasso ITA"]
[Date "1999.09.12"]
[Round "5"]
[White "Laketic, Gojko"]
[Black "De Santis, Alessio"]
[Result "1-0"]
[WhiteElo "2418"]
[BlackElo "2352"]
[PlyCount "65"]
[EventDate "1999.09.10"]

1. d4 d6 2. Nf3 Bg4 3. g3 Bxf3 4. exf3 g6 5. c3 Nd7 6. h4 Ngf6 7. Na3 Bg7 8.
Be2 c6 9. Nc2 Qb6 10. Ne3 d5 11. a4 a6 12. Kf1 e6 13. Kg2 Rc8 14. a5 Qc7 15.
Ng4 Nxg4 16. fxg4 c5 17. dxc5 Nxc5 18. Bf3 O-O 19. h5 f5 20. hxg6 hxg6 21. gxf5
gxf5 22. Bf4 Qc6 23. Be3 Ne4 24. Ra4 Qe8 25. Rb4 Rc7 26. Rb6 Qd7 27. Bxe4 fxe4
28. Qh5 Rf7 29. Bd4 Bxd4 30. cxd4 Rh7 31. Qg5+ Rg7 32. Qf6 Qf7 33. Qd8+ 1-0

[Event "VI Festival A"]
[Site "Campobasso ITA"]
[Date "1999.09.12"]
[Round "5"]
[White "Leveque, Sergio"]
[Black "Di Lascio, Savino"]
[Result "1-0"]
[WhiteElo "1747"]
[BlackElo "1852"]
[PlyCount "83"]
[EventDate "1999.09.10"]

1. e4 c6 2. Nc3 d5 3. Nf3 dxe4 4. Nxe4 Nf6 5. Ng3 h5 6. h4 e6 7. d4 Bd6 8. Bd3
Qc7 9. Nf1 Nbd7 10. Qe2 b6 11. Ne3 O-O 12. Bd2 e5 13. dxe5 Nxe5 14. O-O-O Bg4
15. Nxg4 Nxd3+ 16. Qxd3 Nxg4 17. Ng5 f5 18. Qb3+ Kh8 19. Ne6 Qf7 20. Nxf8 Qxb3
21. axb3 Rxf8 22. Rhf1 Bc5 23. f3 Nf6 24. c4 b5 25. Bg5 Nh7 26. Bf4 Kg8 27. Kc2
Re8 28. Rd2 Bb4 29. Rd7 Re2+ 30. Kc1 Rxg2 31. Rxa7 g5 32. hxg5 Nxg5 33. Bxg5
Rxg5 34. Rd1 f4 35. Rc7 bxc4 36. bxc4 Rg6 37. Kc2 h4 38. Kb3 Bf8 39. Rh1 Rg3
40. Rxh4 Rxf3+ 41. Ka4 Bg7 42. Rg4 1-0

[Event "VI Festival A"]
[Site "Campobasso ITA"]
[Date "1999.09.12"]
[Round "5"]
[White "Lupo, Alfredo"]
[Black "Accardo, Francesco"]
[Result "0-1"]
[WhiteElo "2135"]
[BlackElo "1778"]
[PlyCount "63"]
[EventDate "1999.09.10"]

1. e4 b6 2. d4 Bb7 3. Nc3 e6 4. Nf3 Bb4 5. Bd3 Nf6 6. Qe2 h6 7. a3 Bxc3+ 8.
bxc3 d5 9. e5 Ne4 10. Bb2 Nd7 11. O-O Ng5 12. Rfe1 c5 13. Qe3 c4 14. Bf1 Bc6
15. a4 Nf8 16. Ba3 Ng6 17. Nd2 Bxa4 18. f4 Nh7 19. f5 Nh4 20. fxe6 fxe6 21. Qh3
Bd7 22. g3 Ng6 23. Be2 Qg5 24. Nf3 Qe3+ 25. Kg2 h5 26. Qxh5 Nhf8 27. Qg4 Qh6
28. h4 Ne7 29. Ng5 Nf5 30. Bc1 g6 31. Kg1 Qg7 32. Qf3 {...} 0-1

[Event "VI Festival A"]
[Site "Campobasso ITA"]
[Date "1999.09.12"]
[Round "5"]
[White "Marozzi, Giovanni"]
[Black "Galasso, Luigi"]
[Result "1-0"]
[WhiteElo "1708"]
[BlackElo "1755"]
[PlyCount "68"]
[EventDate "1999.09.10"]

1. e4 c5 2. Nf3 d6 3. d4 cxd4 4. Nxd4 Nf6 5. Nc3 g6 6. f3 Bg7 7. Be3 O-O 8. Qd2
Nc6 9. O-O-O Nxd4 10. Bxd4 Be6 11. g4 Qa5 12. Kb1 Rfc8 13. Nd5 Qxd2 14. Rxd2
Nxd5 15. Bxg7 Nb4 16. a3 Nxc2 17. Bh6 Ne1 18. Be2 Nxf3 19. Bxf3 Rc4 20. Rc1
Rac8 21. Rdc2 Rxc2 22. Rxc2 Rxc2 23. Kxc2 f6 24. Be3 a6 25. Kc3 Kf8 26. h3 Ke8
27. e5 Bc8 28. e6 Bxe6 29. Bxb7 h5 30. gxh5 gxh5 31. h4 Kd7 32. Bxa6 Kc6 33. b4
Bg4 34. b5+ Kc7 1-0

[Event "VI Festival A"]
[Site "Campobasso ITA"]
[Date "1999.09.12"]
[Round "5"]
[White "Martorelli, Antonio"]
[Black "Mrdja, Milan"]
[Result "1-0"]
[WhiteElo "2322"]
[BlackElo "2425"]
[PlyCount "97"]
[EventDate "1999.09.10"]

1. d4 Nf6 2. c4 g6 3. Nc3 Bg7 4. e4 d6 5. f4 O-O 6. Be2 Na6 7. Nf3 e5 8. dxe5
dxe5 9. Qxd8 Rxd8 10. fxe5 Ng4 11. Bf4 Re8 12. Rd1 c6 13. O-O Nc7 14. Ng5 Nh6
15. c5 Ne6 16. Bc4 Nxc5 17. Nxf7 Nxf7 18. Bxf7+ Kxf7 19. Be3+ Kg8 20. Bxc5 Bxe5
21. Bd4 Bc7 22. h3 Be6 23. b3 Red8 24. Kf2 Rd7 25. Ke2 b6 26. Bf6 Re8 27. Rxd7
Bxd7 28. g4 Rf8 29. Rf3 Bc8 30. e5 Re8 31. Re3 Be6 32. Ne4 Bd5 33. Nd6 Re6 34.
Nc8 Kf7 35. g5 Ke8 36. Nd6+ Kd7 37. Nc4 b5 38. Nb2 Bb6 39. Rd3 Re8 40. Rd1 Kc8
41. Nd3 Bd4 42. Re1 a5 43. Kd2 Bb6 44. Nf4 Kd7 45. Kd3 Ba7 46. h4 Be6 47. Nxe6
Kxe6 48. Ke4 Ra8 49. Rf1 {...} 1-0

[Event "VI Festival A"]
[Site "Campobasso ITA"]
[Date "1999.09.12"]
[Round "5"]
[White "Naumkin, Igor"]
[Black "Ortega, Lexy"]
[Result "1/2-1/2"]
[WhiteElo "2489"]
[BlackElo "2499"]
[PlyCount "35"]
[EventDate "1999.09.10"]

1. d4 d5 2. c4 c6 3. Nc3 Nf6 4. Nf3 dxc4 5. a4 Bf5 6. e3 e6 7. Bxc4 Bb4 8. O-O
O-O 9. Nh4 Bg6 10. Nxg6 hxg6 11. Qe2 Nbd7 12. Rd1 Qe7 13. Bd2 c5 14. dxc5 Nxc5
15. Bb3 Rad8 16. Be1 g5 17. Rxd8 Rxd8 18. Rd1 1/2-1/2

[Event "VI Festival A"]
[Site "Campobasso ITA"]
[Date "1999.09.12"]
[Round "5"]
[White "Orlando, Luigi"]
[Black "Scipioni, Gaetano"]
[Result "1/2-1/2"]
[WhiteElo "1722"]
[BlackElo "1764"]
[PlyCount "44"]
[EventDate "1999.09.10"]

1. e4 d6 2. d4 Nf6 3. Nc3 c6 4. f3 b5 5. a3 Nbd7 6. Bg5 Qb6 7. Qd2 e5 8. Be3
Qc7 9. d5 a6 10. dxc6 Qxc6 11. Nge2 Be7 12. O-O-O Nb6 13. Ng3 Nc4 14. Bxc4 bxc4
15. Nge2 Rb8 16. Nd5 Qb7 17. Qb4 Nxd5 18. Qxb7 Rxb7 19. exd5 Bd7 20. h4 O-O 21.
c3 Rfb8 22. Rd2 Bd8 1/2-1/2

[Event "VI Festival A"]
[Site "Campobasso ITA"]
[Date "1999.09.12"]
[Round "5"]
[White "Petrozzi, Davide"]
[Black "Mautone, Valerio"]
[Result "1/2-1/2"]
[WhiteElo "1732"]
[BlackElo "1900"]
[PlyCount "43"]
[EventDate "1999.09.10"]

1. e4 c5 2. Nf3 d6 3. d4 cxd4 4. Nxd4 Nf6 5. Nc3 a6 6. Be3 Ng4 7. Bg5 h6 8. Bh4
g5 9. Bg3 Bg7 10. Be2 Ne5 11. O-O O-O 12. Qd2 Nbc6 13. Nb3 Be6 14. f4 gxf4 15.
Bxf4 Kh7 16. Rad1 Nd7 17. Rf3 Nde5 18. Rg3 Ng6 19. Be3 Re8 20. Nd5 Rg8 21. c3
Be5 22. Rf3 1/2-1/2

[Event "VI Festival A"]
[Site "Campobasso ITA"]
[Date "1999.09.12"]
[Round "5"]
[White "Piscopo, Pierluigi"]
[Black "Petruccioli, Antonio"]
[Result "1-0"]
[WhiteElo "2039"]
[BlackElo "2160"]
[PlyCount "71"]
[EventDate "1999.09.10"]

1. e4 c5 2. Nf3 a6 3. c4 e6 4. d4 cxd4 5. Nxd4 Nf6 6. Nc3 Qc7 7. a3 Nc6 8. Be3
Ne5 9. Be2 d6 10. Rc1 Be7 11. f4 Ned7 12. O-O b6 13. Bf3 Bb7 14. f5 e5 15. Nd5
Qd8 16. Ne2 Nxd5 17. cxd5 b5 18. Ng3 Nb6 19. Nh5 Bf6 20. b3 Nd7 21. Qe1 Ke7 22.
g4 h6 23. h4 Kf8 24. Nxf6 gxf6 25. Qd2 h5 26. gxh5 Ke7 27. Kh2 a5 28. Rg1 Rc8
29. h6 Nc5 30. Bxc5 Rxc5 31. Rxc5 dxc5 32. Rg7 a4 33. d6+ Ke8 34. bxa4 bxa4 35.
h7 Kf8 36. Rg8+ 1-0

[Event "VI Festival A"]
[Site "Campobasso ITA"]
[Date "1999.09.12"]
[Round "5"]
[White "Rossetti, Giovanni"]
[Black "Gerardi, Saverio"]
[Result "1-0"]
[WhiteElo "1917"]
[BlackElo "1792"]
[PlyCount "92"]
[EventDate "1999.09.10"]

1. Nf3 b6 2. e4 Bb7 3. Nc3 e6 4. d4 Bb4 5. Bd3 Nf6 6. Qe2 Nc6 7. O-O h6 8. e5
Bxc3 9. bxc3 Nd5 10. Bd2 g5 11. g3 Rg8 12. Be4 Nde7 13. Ne1 a5 14. Nd3 d6 15.
exd6 Qxd6 16. f4 Rd8 17. Qh5 Nf5 18. fxg5 hxg5 19. g4 Ncxd4 20. Bxb7 Ne2+ 21.
Kf2 Neg3 22. hxg3 Nxg3 23. Qh7 Rg6 24. Bf3 Nxf1 25. Rxf1 c5 26. Be3 c4 27. Nb2
Qe5 28. Ke2 Rg7 29. Qe4 Qxc3 30. Nxc4 b5 31. Qc6+ Kf8 32. Nd2 Qe5 33. Qc5+ Qxc5
34. Bxc5+ Kg8 35. Be4 a4 36. Ke3 f5 37. gxf5 exf5 38. Rxf5 g4 39. Bd4 Rgd7 40.
Rg5+ Kf8 41. Bc5+ Kf7 42. Bg6+ Kf6 43. Ne4+ Kg7 44. Bf5+ Kh6 45. Bxd7 Rxd7 46.
Bf8+ Kh7 1-0